000 00764cam a22002657a 4500
003 CHAP
005 20220329134935.0
008 971013s r 00010 d
010 _a28423
011 _a29395
035 _a33506
040 _cCHAP
090 _aR-4
100 0 0 _aCorey, V. L.
_927995
245 1 2 _aA new texan form of Castilleja indivisa Engelm.
500 _aSobretiro de : Field Laboratory 17(2): 64-65, 1949
501 _aEnc. con otros impresos similares
590 _aBATCH-UPD
_b10
_c20130110
_lUCH01
_h0241
590 _aBATCH-UPD
_b10
_c20130110
_lUCH01
_h2146
590 _aCONVERSION
_b10
_c20130109
_lUCH01
_h1316
650 1 4 _aCastilleja.
_920060
901 _aBK
942 _cREIMP
949 _aR-4
_bBC
_cR
_d-78014
_eTS1
_i33506
_si
999 _c28423
_d28423